|
|
|
|
| LEADER |
01047nta a2200229 i 4500 |
| 001 |
dokt1908 |
| 005 |
20221013144605.0 |
| 008 |
130919s2013 hu om 0|| hun d |
| 024 |
7 |
|
|a 10.14232/phd.1908
|2 doi
|
| 024 |
7 |
|
|a 2571927
|2 mtmt
|
| 040 |
|
|
|a SZTE Doktori Repozitórium
|b hun
|
| 041 |
|
|
|a hun
|
| 100 |
1 |
|
|a Bíró Csilla
|
| 245 |
1 |
0 |
|a Szemlélődés és misztika Andreas Pannonius Énekek éneke-kommentárjában
|h [elektronikus dokumentum] /
|c Bíró Csilla
|
| 246 |
1 |
0 |
|a Contemplazione e mistica nel commento del Cantico dei Cantici di Andreas Pannonius
|h [elektronikus dokumentum]
|
| 260 |
|
|
|c 2013-10-14
|
| 502 |
|
|
|a Disszertacio
|
| 650 |
|
4 |
|a irodalom- és kultúra tudományok
|
| 700 |
1 |
|
|a Szörényi László
|e ths
|
| 856 |
4 |
0 |
|u https://doktori.bibl.u-szeged.hu/id/eprint/1908/1/Biro_Csilla_phd.pdf
|z Dokumentum-elérés
|
| 856 |
4 |
0 |
|u https://doktori.bibl.u-szeged.hu/id/eprint/1908/2/Biro_Csilla_tezisek.pdf
|z Dokumentum-elérés
|
| 856 |
4 |
0 |
|u https://doktori.bibl.u-szeged.hu/id/eprint/1908/3/Biro_Csilla_tezisek_olasz.pdf
|z Dokumentum-elérés
|